000 00520nam a2200193 4500
001 110978
003 ES-MaACL
005 20230906185222.0
007 t|
008 061121s1908 fr r ||||1| fre d
100 1 _aNadal, Joseph.
_984801
245 1 0 _aLocomotives á vapeur /
_cJoseph Nadal.
260 _a[París :
_bO. Don],
_c1908.
300 _a315 p. ;
_c18 cm.
490 1 _aEncyclopédie scientifique
830 0 _aEncyclopédie scientifique
_9180883
852 _aES-MaACL
_jD-4380
999 _c110978
_d110978